000 00829nam a2200277 i 4500
001 27287
003 BD-RjUL
005 20211209051133.0
008 140324s1951 enk f 00110aeng d
035 _a(BD-RjUL)27359
040 _aLC
_beng
_cLC
_dBD-RjUL
041 1 _aengheb
082 0 0 _a956.94040924
_219
_bBER 1951
100 1 _aBegin, Menachem,
_d1913- .
_983759
245 1 4 _aThe revolt /
_cby Menachem Begin.
260 _aLondon :
_bW. H. Allen,
_c1951.
300 _axiii, 386 p., [1] leaf of plates ;
_c22 cm.
504 _aIncludes index.
600 1 0 _aBegin, Menachem,
_d1913-
_983766
610 2 0 _aIrgun tsevai leumi.
_983767
650 0 _aPrime ministers
_zIsrael
_xBiography.
_983762
651 0 _aPalestine
_xHistory
_y1929-1948.
_980969
942 _2ddc
_cBK
999 _c27287
_d27287